000 00706nam a2200229Ia 4500
003 GCL
008 140319s9999 xx 000 0 ara d
040 _aGCL /
_cGCL
082 0 4 _a956.801
_bم ا
100 1 _aمحمد احمد محافظة
245 1 0 _aامارة شرق الاردن: نشاتها وتطورها فى ربع قرن 1946-1921 /
_cمحمد احمد محافظة
260 _a[S.N] :
_bدار الفرقان ،
_c1990
300 _a331 ص
490 _a
650 0 4 _aالعصر الحديث
650 0 4 _aتاريخ
650 0 4 _aالاستقلال
650 0 4 _aالاردن
650 0 4 _aالاحتلال البريطانى
650 0 4 _aالامارة
942 _2ddc
_cBK
999 _c35975
_d35975